| 000 | 01795cam a22003134a 4500 | ||
|---|---|---|---|
| 999 |
_c331968 _d331968 |
||
| 001 | 13489539 | ||
| 003 | NUST | ||
| 005 | 20171106101544.0 | ||
| 008 | 040213m20042005coua b 000 0 eng | ||
| 010 | _a 2004043754 | ||
| 020 | _a1583213104 (v. 1) | ||
| 020 | _a1583214062 (v. 2) | ||
| 040 |
_aDLC _cDLC _dDLC |
||
| 042 | _apcc | ||
| 050 | 0 | 0 |
_aTD427.A77 _bD45 2004 |
| 082 | 0 | 0 |
_a628.1666 AWW _222 |
| 245 | 0 | 0 |
_aDemonstration of emerging technologies for arsenic removal / _cprepared by Yu-Jung Chang ... [et al.] ; jointly sponsored by AWWA Research Foundation ... [et al.]. |
| 260 |
_aDenver, CO : _bAWWA Research Foundation and American Water Works Association, _cc2004-c2005. |
||
| 300 |
_a2 v. : _bill. ; _c28 cm. |
||
| 500 | _aVol. 2: Sponsored by Arsenic Research Partnership. | ||
| 501 | _aP.B | ||
| 504 | _aIncludes bibliographical references. | ||
| 505 | 0 | _av. 1. Bench-scale testing -- v. 2. Pilot testing. | |
| 650 | 0 |
_aWater _xPurification _xArsenic removal. _95973 |
|
| 700 | 1 |
_aChang, Yu-Jung, _d1963- _95974 |
|
| 710 | 2 |
_aAWWA Research Foundation. _95975 |
|
| 856 | 4 | 2 |
_3Publisher description _uhttp://www.loc.gov/catdir/enhancements/fy0629/2004043754-d.html |
| 856 | 4 | 1 |
_3Table of contents only _uhttp://www.loc.gov/catdir/enhancements/fy0649/2004043754-t.html |
| 906 |
_a7 _bcbc _corignew _d1 _eocip _f20 _gy-gencatlg |
||
| 942 |
_2ddc _cBK _kIESE |
||